Top 15 most points in eredevisie - Statistics

General Stats
  • This quiz has been taken 42 times
  • The average score is 12 of 15
Answer Stats
Points Club % Correct
5.029 Ajax
100%
4.459 Feyenoord
100%
4.748 PSV
100%
2.460 AZ
94%
3.048 Twente
94%
2.391 Groningen
82%
2.526 Utrecht
79%
2.586 Sparta
76%
1.868 Vitesse
73%
1.670 NEC
67%
1.931 ADO
64%
2.038 NAC
64%
1.626 Heerenveen
61%
1.799 Willem II
61%
2.078 Roda JC
39%
No matching quizzes found
Score Distribution
Percent of People with Each Score
Percentile by Number Answered
Your Score History
You have not taken this quiz